000 00425nam a2200169Ia 4500
005 20250321022003.0
008 240331s9999 xx 000 0 und d
020 _a9552082072
082 _bSIR
_a891
100 _aSiriwardena,D
245 0 _aEkathara polis niladhariykuge kathawak
250 _a2nd
260 _aColombo
_bGodake & Sons
_c2005
300 _a232 p .,
500 _aA story of a police officer
942 _cL
999 _c5199
_d5199